000 00588nam a22002177a 4500
003 OSt
005 20220107122743.0
008 140522b xxu||||| |||| 00| 0 eng d
020 _a9789350042915
040 _cIIITM-K
082 _a005.432A ABL/A
100 _aAbleson, W Frank
_94842
245 _aAndroid in action
_cby W Frank Ableson et.al
250 _a3rd ed.
260 _aNew Delhi,
_bDreamtech Press,
_c2012.
300 _axxvii, 632p.
650 _aCOMPUTER SCIENCE
_94843
650 _aCOMPUTER PROGRAMMING
_94844
650 _aANDROID PROGRAMMING
_94845
942 _2ddc
_cBK
999 _c4054
_d4054